000 00646cam a22002413a 4500
001 23820
003 PGUSA
005 20140828083516.0
008 071211s2007||||xxu|||||s|||||000 | eng d
040 _aPGUSA
_beng
042 _adc
050 4 _aBF
100 1 _aWhiting, Lilian,
_d1847-1942
245 1 4 _aThe Life Radiant
_h[electronic resource] /
_cLilian Whiting
260 _bProject Gutenberg,
_c2007
506 _aPublic domain in the USA.
516 _aElectronic text
653 _aSpiritual life
653 _aNew Thought
830 0 _aProject Gutenberg
_v23820
856 4 0 _uhttp://www.gutenberg.org/ebooks/23820
942 _cEB
999 _c253075
_d253075